Osobitosti účtovania výkonov v stavebnej výrobe
Z hľadiska chrakateru stavebnej výroby je dôležité rešpektovať v účtovníctve stavebnej firmy článok XIII postupov účtovania - Účtovanie o zákazkovej výrobe u dodávateľa a článok XIV - Vnútropodnikové účtovníctvo. Účtovné prípady. Príklady účtovania.
Enregistré dans:
| Auteur principal: | |
|---|---|
| Format: | Chapitre de livre |
| Langue: | slovaque |
| Sujets: | |
| Tags: |
Pas de tags, Soyez le premier à ajouter un tag!
|
MARC
| LEADER | 00000naa a2200000 4500 | ||
|---|---|---|---|
| 001 | r042002 | ||
| 005 | 20230919092427.1 | ||
| 041 | 0 | |a slo | |
| 044 | |a SK | ||
| 245 | 1 | 0 | |a Osobitosti účtovania výkonov v stavebnej výrobe |c Anton Kolembus |
| 520 | |a Z hľadiska chrakateru stavebnej výroby je dôležité rešpektovať v účtovníctve stavebnej firmy článok XIII postupov účtovania - Účtovanie o zákazkovej výrobe u dodávateľa a článok XIV - Vnútropodnikové účtovníctvo. Účtovné prípady. Príklady účtovania. | ||
| 610 | 2 | 0 | |a účtovanie |
| 610 | 2 | 0 | |a výkony podnikové |
| 610 | 2 | 0 | |a výroba stavebná |
| 610 | 2 | 0 | |a výroba zákazková |
| 610 | 2 | 0 | |a účtovníctvo vnútropodnikové |
| 610 | 2 | 0 | |a zákazky |
| 610 | 2 | 0 | |a dodávatelia |
| 610 | 2 | 0 | |a prípady účtovné |
| 100 | 1 | |a Kolembus, Anton | |